000 01187nam a2200277 a 4500
001 000040998
005 20250129073605.0
008 130912s2014 dr a r 000 0 spa d
020 _a9789945582024 (vol. 197)
020 _a9789945443622 (serie)
040 _aDO-SdBNP
_bspa
_cBNPHU
082 _axxxx
_bA973J
100 1 _aAyala Lafée de Wilbert, Cecilia
_967434
245 1 0 _aJuan Pablo Duarte en la Venezuela del siglo XIX :
_bhistoria y leyenda /
_cCecilia Ayala Lafée de Wilbert, Werner Wilbert, Ariany Calles; prólogo Juan Daniel Balcácer.
260 _aSanto Domingo :
_bBanco Central de la República Dominicana,
_c2014.
300 _a203 p. :
_bil. ;
_c23 cm.
490 1 _aBanco Central de la República Dominicana
_aArte y literatura
_v197
_v33
500 _aIncluye datos biografícos de los autores en las solapas.
500 _aIncluye notas al pie de páginas
504 _aBibliografía : p. 185-189
590 _aInventariado, 2018/BT
700 1 2 _aWilbert, Werner
_954215
700 1 2 _aCalles, Ariany
_954214
700 1 2 _aBalcácer, Juan Daniel,
_d1949-
_eprol.
_96566
830 0 _aBanco Central de la República Dominicana
_pArte y literatura
_n197
_n33
_967435
999 _c40488
_d40488